000 01157cam a2200277 4500
001 ABS65247
008 020402n2002 000 0 eng u
035 _a(Sirsi) u117289
100 _aWilkinson, S.
245 _aPromoting energy efficiency in the private rented sector
260 _c2002
490 _aProperty Management
_v20(1) 2002, 49-63(15)
520 _aThis research evaluated the PRESS scheme which encouraged landlords to introduce energy efficiency measures. A total of 78 private sector rented properties in Sheffield were examined with retrofit measures to improve levels of energy efficiency. The outcome of the experiment shows that while market barriers exist, the PRESS scheme did help overcome some obstacles to energy efficiency.
590 _aABS
650 _aPRIVATE RENTED SECTOR
650 _aENERGY EFFICIENCY
650 _aENGLISH HOUSE CONDITION SURVEY
650 _aLANDLORDS
650 _aSHEFFIELD
650 _aPRESS SCHEME
650 _aRENT
650 _aENERGY MANAGEMENT
690 _aENVIRONMENTAL AND LAND CONSULTANCY-ENERGY-ENERGY USE-ENERGY EFFICIENCY
700 _aGoodacre, C.
942 _n0
999 _c69874
_d69874